| 000 | 02277cam a22004337a 4500 | ||
|---|---|---|---|
| 001 | 9058 | ||
| 003 | FISKH | ||
| 005 | 20251118112237.0 | ||
| 008 | 120221s2011 enka 000 0 eng d | ||
| 010 | _a 2012359899 | ||
| 020 |
_a9780194645669 _qpbk. |
||
| 020 |
_a0194645665 _qpbk. |
||
| 020 |
_a9780194646062 _qaudio CD pack |
||
| 020 | _a9780194645669 | ||
| 020 |
_a0194646068 _qaudio CD pack |
||
| 020 |
_a9780194645768 _qactivity book |
||
| 020 |
_a0194645762 _qactivity book |
||
| 020 |
_a0194645150 _qactivity book |
||
| 020 |
_a9780194645157 _qactivity book |
||
| 040 |
_aCaONFJC _beng _cCDX _dDLC |
||
| 042 | _alccopycat | ||
| 050 | 0 | 0 |
_aQH541.14 _b.S6828 2011 |
| 082 | 0 | 4 |
_a577 _223 |
| 100 | 1 | _aSpilsbury, Louise. | |
| 245 | 1 | 0 |
_aWonderful ecosystems / _cLouise & Richard Spilsbury. |
| 260 |
_aNew York : _bOxford University Press, _c2011. |
||
| 300 |
_a56 pages : _bcolor illustrations ; _c21 cm |
||
| 490 | 1 |
_aOxford read and discover : _vLevel 6 |
|
| 520 | _aRead and discover all about wonderful ecosystems on Earth ... How are polar bears adapted to living in a frozen ecosystem? What are decomposers?This exciting new series of non-fiction readers provides interesting and educational content, with activities and project work. The readers are graded at four levels, from 3 to 6, suitable for students from age 8 and older. They can support Content and Language Integrated Learning (CLIL), and covera broad range of topics, within three curriculum areas:The World of Science and TechnologyThe Natural WorldThe World of Arts and Social StudiesAlso available for each reader:* Activity Book* Audio CD Pack (Reader and Audio CD)* Teacher's Notes and CLIL guidance at www.oup.com/elt/readanddiscoverThe Activity Book includes 16 pages of chapter-linked activities followed by after-reading whole book activities and a book review; focus on content, vocabulary, and grammar. | ||
| 650 | 0 | _aBiotic communities. | |
| 650 | 0 | _aEcology. | |
| 650 | 0 | _aReaders (Elementary) | |
| 650 | 0 |
_aReading comprehension _vProblems, exercises, etc. |
|
| 650 | 0 |
_aEnglish language _vTextbooks for foreign speakers. |
|
| 700 | 1 |
_aSpilsbury, Richard, _d1963- _eAuthor |
|
| 906 |
_a7 _bcbc _ccopycat _d2 _encip _f20 _gy-gencatlg |
||
| 942 |
_2ddc _cBK _n0 |
||
| 999 |
_c9058 _d9058 |
||